000 00605nam a2200193Ia 4500
003 GCL
008 140319s9999 xx 000 0 ara d
040 _aGCL /
_cGCL
082 0 4 _a247
_bم ش
100 1 _aموسى المرسوى
245 1 0 _aالشيعة والتصحيح: الصراع بين الشيعة والتشيع /
_cموسى المرسوى
260 _a[S.N] :
_bالزهراء للاعلام العربى ،
_c1989
300 _a156 ص
490 _a
650 0 4 _aعقائد الشيعة
650 0 4 _aالشيعة
650 0 4 _aالامامة عند الشيعة
942 _2ddc
_cBK
999 _c54266
_d54266